| 000 | nam a22 a 4500 | ||
|---|---|---|---|
| 999 |
_c417468 _d417468 |
||
| 003 | BLK | ||
| 005 | 20210928111901.0 | ||
| 008 | 210602b bu |||||r|||| 00| | bu d | ||
| 040 | _aBLK | ||
| 041 |
_aFRE _cFRE |
||
| 072 |
_9178367 _aЦ _xРедки и ценни |
||
| 080 |
_aПатология. Клинична медицина _b616 _z616 |
||
| 100 |
_91299 _aGrisolle, Augustin _eпърви автор |
||
| 139 | _aGrisolle, Augustin | ||
| 245 |
_aTraite de pathologie interne _cAugustin Grisolle _bТ.1- _nТ.2 |
||
| 250 | _a9-e ed., 2-e tirage | ||
| 260 |
_9454685 _aParis _bVictor Masson et fils _c1886- |
||
| 300 | _c24 cm | ||
| 380 | _a61 | ||
| 490 |
_9435080 _aКолекция Редки и ценни издания |
||
| 650 | 7 |
_9165889 _aПатология |
|
| 659 | 7 |
_9178164 _aЦ _xРедки и ценни |
|
| 760 |
_aGrisolle, Augustin _b9-e ed., 2-e tirage _dParis, 1869 _gТ.1- _h1043 p. _oT. 2 _tTraite de pathologie interne |
||
| 852 |
_aРф 859 _bРц |
||
| 942 |
_cKNG _n0 _s1 |
||
| 944 |
_aCR _c2021-06-02 _kА.М. |
||
| 999 | _d417468 | ||
| 999 | _d417468 | ||
| 999 | _d417468 | ||